000 00891nam a2200253 a 4500
001 000025102
005 20200930023551.0
008 110210s1985 dr 001 e spa d
040 _aDO-SdBNP
_bspa
_cBNPHU
082 _a123.5
_bM645e
100 1 _aMill, John Stuart,
_d1806-1873
_945023
245 1 0 _aEnsayo sobre la libertad /
_cJohn Stuart Mill.
250 _a[1ª ed. dominicana]
260 _aSanto Domingo :
_bAlfa y Omega,
_c1985.
300 _a102 p. ;
_c17 cm.
490 1 _aEdil Universitas
500 _aIncluye bibliografía y notas al pie de páginas.
533 _aFacsímil:
_bRío Piedras :
_cEdil,
_d1969.
590 _aInventariado, 2018/LP
650 4 _aLibertad
_xEnsayos, conferencias, etc.
_951490
650 4 _aLibre albedrío y determinismo
_xEnsayos, conferencias, etc.
_951491
830 0 _aEdil Universitas
_937242
910 _aValidado. Control de calidad EMS
999 _c24595
_d24595